[Event "23rd Liechtenstein Open"]
[Site "Triesen LIE"]
[Date "2005.05.03"]
[Round "5"]
[White "Habibi,Al"]
[Black "Ballon,G"]
[Result "1/2-1/2"]
[WhiteElo "2297"]
[BlackElo "2179"]

1.Nf3 d5 2.g3 c6 3.Bg2 Bg4 4.d3 Nd7 5.Nbd2 e6 6.O-O Ngf6 7.b3 Be7 8.Bb2 O-O
9.a3 a5 10.Qe1 Qc7 11.e4 dxe4 12.dxe4 Rfd8 13.h3 Bxf3 14.Bxf3 e5 15.Kg2 Bf8
16.Nc4 b5 17.Ne3 Nc5 18.Ng4 Nxg4 19.Bxg4 Re8 20.Rd1 g6 21.f4 f6 22.fxe5 fxe5
23.Qe3 Ne6 24.Rf6 Nd4 25.Rxd4 exd4 26.Rxf8+ Kxf8 27.Qxd4 Qf7 28.Qh8+ Ke7
29.Qd4 Kf8 30.Bc3 a4 31.Qh8+ Ke7 32.Bb4+ Kd8 33.Qd4+ Kc7 34.Qd6+ Kb7 35.Bd7 Rec8
36.bxa4 Qc4 37.Bxc8+ Rxc8 38.Kf3 bxa4 39.Bd2 Rc7 40.Bf4 Rf7 41.Qb8+ Ka6 42.Qa8+  1/2-1/2

[Event "SME Open"]
[Site "Ostrava CZE"]
[Date "2005.05.04"]
[Round "5"]
[White "Vukovic,I"]
[Black "Papan,C"]
[Result "1/2-1/2"]
[WhiteElo "2179"]
[BlackElo "2076"]

1.Nf3 d5 2.g3 Nf6 3.Bg2 Bg4 4.d3 e6 5.Nbd2 Nbd7 6.O-O Be7 7.Re1 c6 8.e4 dxe4
9.dxe4 Ne5 10.Qe2 Qa5 11.h3 Bh5 12.c3 Nfd7 13.Nb3 Qc7 14.Bf4 Bd6 15.Rad1 Bxf3
16.Bxf3 Nxf3+ 17.Qxf3 Bxf4 18.Qxf4 Qxf4 19.gxf4 e5 20.fxe5 Nxe5 21.Kg2 Rd8
22.Rxd8+ Kxd8 23.Rd1+ Kc7 24.Nc1 Re8 25.b3 Re6 26.Ne2 Rg6+ 27.Ng3 h5 28.Kf1 h4
29.Nf5 Nf3 30.Ke2 Ng1+ 31.Ke3 Nxh3 32.Nxh4 Rg4 33.Nf5 Rxe4+ 34.Kxe4 Nxf2+
35.Kd4 Nxd1 36.Nxg7 Kd7 37.c4 Nf2 38.c5 b5 39.cxb6 axb6 40.a4 Nh3 41.b4 Nf4
42.Kc4 Ne6 43.Nf5 Nc7 44.Nd4 Ne8 45.Nf3 Nd6+ 46.Kd4 f6 47.Nd2 Ke6 48.a5 Nb5+
49.Kc4 bxa5 50.bxa5 f5 51.Kc5 Kd7 52.Kb6 f4 53.a6 Nd6 54.Kc5 Nb5 55.a7 Nxa7  1/2-1/2

[Event "SME Open"]
[Site "Ostrava CZE"]
[Date "2005.05.04"]
[Round "5"]
[White "Rakus,P"]
[Black "Sladek,Vl"]
[Result "0-1"]
[WhiteElo "2083"]
[BlackElo "2002"]

1.Nf3 d5 2.g3 Bg4 3.Bg2 Nd7 4.d3 Ngf6 5.Nbd2 e5 6.e4 dxe4 7.Nxe4 Nxe4 8.dxe4 Bb4+
9.c3 Bd6 10.O-O Qe7 11.Qc2 O-O 12.Be3 Rfd8 13.a3 a5 14.b4 b5 15.Rfd1 h6 16.Rd2 axb4
17.cxb4 Bxb4 18.Rd5 c5 19.Qb2 Ba5 20.Qxb5 Bc3 21.Rc1 Bd4 22.Nxd4 cxd4 23.Bd2 Qxa3
24.Qb1 Qa2 25.Be1 Rdb8 26.Rb5 Qxb1 27.Rbxb1 Rxb1 28.Rxb1 Nc5 29.f3 Be6 30.Bf1 Ra2
31.Rb5 Nd7 32.f4 Ra1 33.Kf2 Ra2+ 34.Kg1 exf4 35.gxf4 Ra1 36.Kf2 Nf6 37.Rb8+ Kh7
38.Bd3 Ng4+ 39.Ke2 Ne3 40.f5 Bc4 41.Bxc4 Nxc4 42.Bg3 Ra3 43.Rd8 Re3+ 44.Kd1 Rxe4
45.Kc2 Rg4 46.Kd3 Ne3 47.f6 gxf6 48.Rxd4 Rxd4+ 49.Kxd4 Nf5+ 50.Ke4 Nxg3+
51.hxg3 Kg6 52.Kf3 Kg5  0-1

[Event "62nd ch-POL"]
[Site "Poznan POL"]
[Date "2005.05.05"]
[Round "13"]
[White "Markowski,T"]
[Black "Czarnota,P"]
[Result "1/2-1/2"]
[WhiteElo "2560"]
[BlackElo "2478"]

1.g3 d5 2.Nf3 Nf6 3.Bg2 c6 4.O-O Bg4 5.d3 Nbd7 6.c4 e6 7.cxd5 exd5 8.Nc3 Be7
9.Qc2 Bxf3 10.Bxf3 d4 11.Nb1 O-O 12.Nd2 Ne5 13.Bg2 a5 14.b3 Re8 15.a3 Bf8
16.Bb2 Qb6 17.Rab1 Qa7 18.Rfe1 Rad8 19.Qc1 h6 20.Ba1 Nd5 21.Nc4 Bc5 22.Nxe5 Rxe5
23.Bf3 Bf8 24.Kg2 Ree8 25.Bb2 Nc3 26.Bxc3 dxc3 27.Qxc3 Bxa3 28.Red1 Qc5 29.Qxc5 Bxc5
30.e3 Rd6 31.d4 Bb4 32.h4 Red8 33.Rdc1 g6 34.h5 Kg7 35.Rc2 Rf8 36.hxg6 fxg6
37.Rh1 Re8 38.d5 c5 39.Rd1 b5 40.Be2 Re5 41.Bxb5 Rexd5 42.Rxd5 Rxd5 43.Rc4 Kf6
44.Rf4+ Rf5 45.Rh4 h5 46.Bd3 Rd5 47.Rf4+ Kg5 48.Bc4 Rd2 49.Re4 Rb2 50.Re5+ Kh6
51.Re6 Be1 52.Rf6 Kg5 53.Rf4 Bd2 54.Kf1 Rb1+ 55.Ke2 Rb2 56.Bf7 Bc3+ 57.Kf1 Rc2
58.Rc4 Rc1+ 59.Ke2 Bb2 60.Re4 Rc2+ 61.Kf3 Kf6 62.Rf4+ Kg5 63.Ra4 Kf6 64.Be8 c4
65.Rxa5 cxb3 66.Ra6+ Ke7 67.Bxg6 Bc3 68.Rc6 Rc1 69.Bxh5 b2 70.Bg6 Bd4 71.Ra6 Ra1
72.Rc6 Rc1 73.Ra6  1/2-1/2

[Event "ch-FRA National 1"]
[Site "Lille FRA"]
[Date "2005.05.06"]
[Round "9"]
[White "Roos,D"]
[Black "Debray,T"]
[Result "1-0"]
[WhiteElo "2411"]
[BlackElo "2108"]

1.Nf3 d5 2.g3 Nf6 3.Bg2 c6 4.O-O Bg4 5.b3 Nbd7 6.Bb2 e6 7.c4 Be7 8.d3 O-O
9.Nbd2 a5 10.a3 Qb6 11.Rb1 Rfd8 12.Qc2 Qa7 13.Rbc1 b5 14.Nd4 Qb7 15.h3 Bh5
16.g4 Bg6 17.cxd5 cxd5 18.Qc6 Qxc6 19.Nxc6 Re8 20.Nf3 Bc5 21.Nfd4 Bxd4 22.Bxd4 e5
23.Bc3 e4 24.d4 a4 25.bxa4 bxa4 26.Bb4 Nb6 27.e3 h5 28.g5 Nfd7 29.h4 f6 30.Bh3 Kf7
31.Rc3 f5 32.Rfc1 Nc4 33.Bf1 Ncb6 34.Ba5 Nc8 35.Bc7 Ne7 36.Bb5 Rec8 37.Bd6 Nxc6
38.Bxc6 Ke6 39.Bxa8 Rxa8 40.Bb4 Be8 41.Rc6+ Kf7 42.g6+ Kg8 43.Rc8  1-0

[Event "SME Open"]
[Site "Ostrava CZE"]
[Date "2005.05.06"]
[Round "7"]
[White "Nedela,J"]
[Black "Slovacek,P"]
[Result "1/2-1/2"]
[WhiteElo "2044"]
[BlackElo "2103"]

1.Nf3 d5 2.g3 Nf6 3.Bg2 c6 4.d3 Bf5 5.O-O h6 6.Nbd2 e6 7.b3 Nbd7 8.Bb2 Qc7
9.c4 Be7 10.Re1 Bh7 11.a3 a5 12.Qc2 O-O 13.cxd5 Nxd5 14.Nc4 Bf6 15.Bxf6 N5xf6
16.Rec1 Rfd8 17.Qb2 Nd5 18.Qc2 Rac8 19.Qd2 Ra8 20.Qc2 Rdc8 21.Qb2 Rd8 22.Qc2 e5
23.Ncd2 Qd6 24.Ne1 f6 25.Ne4 Qe7 26.Qb2 Bg6 27.Nc2 Ra6 28.Nd2 Bf7 29.b4 N7b6
30.Bxd5 Nxd5 31.bxa5 Rxa5 32.Rab1 Ra7 33.Nb4 Rda8 34.Nc4 Nxb4 35.Qxb4 Qxb4
36.axb4 Ra2 37.Kf1 Bh5 38.f3 Kf8 39.Nd6 Rb8 40.Ra1 Rb2 41.Rcb1 Rxb1+ 42.Rxb1 Bg6
43.Ra1 Ke7 44.Nc4 Kd7 45.Ke1 Kc7 46.Kd2  1/2-1/2

[Event "SME Open"]
[Site "Ostrava CZE"]
[Date "2005.05.06"]
[Round "7"]
[White "Rakus,P"]
[Black "Tretina,Z"]
[Result "1-0"]
[WhiteElo "2083"]
[BlackElo "1893"]

1.Nf3 d5 2.g3 c5 3.b3 Nc6 4.Bb2 d4 5.Bg2 e5 6.O-O Nf6 7.d3 Be7 8.Nbd2 O-O
9.Nc4 Qc7 10.c3 Be6 11.cxd4 exd4 12.Rc1 Rac8 13.Qc2 Qb8 14.Qb1 b6 15.Rfd1 Nd7
16.e3 Bf6 17.exd4 cxd4 18.Qa1 Bg4 19.h3 Bxf3 20.Bxf3 Nce5 21.Be4 Nxc4 22.dxc4 Nc5
23.Bd5 Rcd8 24.Bxd4 Bxd4 25.Qxd4 Rfe8 26.Qh4 h6 27.Rd4 Rd7 28.Rcd1 Rde7 29.Kg2 Qc7
30.R4d2 Nd7 31.Qd4 Nf6 32.Bf3 Rd7 33.Qc3 Red8 34.Rxd7 Rxd7 35.Rxd7 Nxd7 36.b4 Kf8
37.a3 Qe5 38.Qd3 Ke7 39.Bc6 Nf6 40.Bf3 Nd7 41.Qc2 Qd4 42.Qa4 Qxc4 43.Qxa7 Kd8
44.Qa8+ Ke7 45.Qb7 Kd6 46.Bg4 Qc6+ 47.Qxc6+ Kxc6 48.Bxd7+ Kxd7 49.Kf3 Kc6
50.a4 Kd5 51.a5 bxa5 52.bxa5 Kc5 53.Ke4 Kb5 54.Kd5 Kxa5 55.Kd6 Kb4 56.Ke7 f5
57.Kf7 g5 58.Kg6 f4 59.Kxh6  1-0

[Event "ch-FRA Top 16 Poule Haute"]
[Site "Port Barcares FRA"]
[Date "2005.05.06"]
[Round "10"]
[White "Anic,D"]
[Black "Muller,A"]
[Result "1-0"]
[WhiteElo "2465"]
[BlackElo "2186"]

1.Nf3 d5 2.g3 Nf6 3.Bg2 Bf5 4.c4 c6 5.b3 e6 6.Bb2 Be7 7.O-O h6 8.d3 O-O 9.Nbd2 Bh7
10.a3 a5 11.Qc2 Nbd7 12.Rfe1 Qb6 13.Qc3 Nc5 14.Rab1 Rfd8 15.Ba1 Ne8 16.b4 axb4
17.axb4 Nd7 18.Qb3 Bf6 19.e4 Bxa1 20.Rxa1 dxe4 21.dxe4 Rxa1 22.Rxa1 Nef6
23.c5 Qc7 24.Re1 b6 25.cxb6 Nxb6 26.Qe3 Nbd7 27.Rc1 Qb7 28.Rc4 Rb8 29.Bh3 Qb6
30.Qc3 g5 31.Ne1 Qb5 32.Nc2 Qe5 33.Rxc6 Qxc3 34.Rxc3 Nb6 35.Kf1 Kf8 36.Ke2 Bg6
37.Ke3 Ke7 38.Nd4 Rc8 39.Rxc8 Nxc8 40.Nc6+ Ke8 41.Nc4 Nd7 42.Kd4 f6 43.e5 fxe5+
44.N6xe5 Nxe5 45.Kxe5 Ke7 46.b5  1-0

[Event "ch-FRA Top 16 Poule Haute"]
[Site "Port Barcares FRA"]
[Date "2005.05.06"]
[Round "10"]
[White "Hoffmann,Reg"]
[Black "Sebag,M"]
[Result "0-1"]
[WhiteElo "2143"]
[BlackElo "2417"]

1.Nf3 d5 2.g3 Nf6 3.Bg2 Bf5 4.d3 e6 5.Nbd2 Be7 6.O-O h6 7.Qe1 O-O 8.e4 Bh7
9.b3 c5 10.Bb2 Nc6 11.Qe2 Rc8 12.e5 Nd7 13.Rfe1 Nb4 14.Rec1 b5 15.a3 Nc6
16.c4 bxc4 17.dxc4 d4 18.Re1 Qc7 19.Bf1 Rb8 20.b4 cxb4 21.Nxd4 bxa3 22.Nxc6 axb2
23.Nxe7+ Kh8 24.Rab1 Bxb1 25.Rxb1 Qc5 26.Nf3 Qxe7 27.Rxb2 Rxb2 28.Qxb2 Qc5
29.h4 Rb8 30.Qc2 a5 31.Qe4 Rb2 32.Be2 a4 33.Qa8+ Nf8 34.Nd4 a3  0-1

[Event "10th Open"]
[Site "Stuttgart GER"]
[Date "2005.05.06"]
[Round "3"]
[White "Ivanov,MM"]
[Black "Wiley,To"]
[Result "1-0"]
[WhiteElo "2418"]
[BlackElo "2238"]

1.Nf3 d5 2.g3 Nf6 3.Bg2 c6 4.O-O Bg4 5.d4 Nbd7 6.Nbd2 e6 7.Re1 Be7 8.c3 O-O
9.Qb3 Qb6 10.e4 dxe4 11.Nxe4 Nxe4 12.Rxe4 Bf5 13.Re1 Qxb3 14.axb3 a5 15.Bf4 Nf6
16.Nd2 Nd5 17.Be3 Bd6 18.Ra2 Bc7 19.Rea1 Rab8 20.Be4 Bxe4 21.Nxe4 Nxe3 22.fxe3 Rfe8
23.Nc5 e5 24.Kf2 exd4 25.cxd4 f5 26.Rc1 Re7 27.Raa1 Bb6 28.Nd3 Rbe8 29.Re1 Bc7
30.b4 axb4 31.Nxb4 g5 32.Nd3 Kg7 33.b4 Bd6 34.Kf3 Kf6 35.b5 cxb5 36.Rab1 b4
37.Nxb4 g4+ 38.Kf2 Bxb4 39.Rxb4 h5 40.Rb6+ Kg5 41.d5 Rd8 42.Rd1 Red7 43.d6 Kf6
44.e4 fxe4 45.Rd5 Ke6 46.Rxh5 Rxd6 47.Rb4 Rd4 48.Rxb7 Rf8+ 49.Ke3 Ra4 50.Rh6+ Kd5
51.Rb5+ Kc4 52.Rhh5 Rf3+ 53.Kxe4 Kc3+ 54.Ke5 Kd3 55.Rf5 Re4+ 56.Kf6 Re8 57.Kg5 Rg8+
58.Kh4 Ke3 59.Rbe5+ Kf2 60.Rg5 Rff8 61.Kxg4 Rh8 62.h4 Rc8 63.Rgf5+ Kg2  1-0

[Event "ch-FRA National 1"]
[Site "Lille FRA"]
[Date "2005.05.07"]
[Round "10"]
[White "Roos,D"]
[Black "Lazic,Mi"]
[Result "1/2-1/2"]
[WhiteElo "2411"]
[BlackElo "2500"]

1.Nf3 d5 2.g3 Nc6 3.Bg2 e5 4.d3 g6 5.O-O Bg7 6.Nbd2 h6 7.Rb1 Be6 8.b4 e4
9.Ne1 f5 10.b5 Nce7 11.Nb3 Nf6 12.c3 O-O 13.Nc2 Bf7 14.Ncd4 a6 15.a4 axb5
16.axb5 Nd7 17.Nc2 Kh7 18.Qd2 Ng8 19.Na3 Qe7 20.Ra1 Rfe8 21.d4 b6 22.Nc2 Rxa1
23.Nbxa1 Ndf6 24.Nb4 Qd7 25.Nc6 e3 26.fxe3 Ne4 27.Qd3 Nd6 28.Nc2 h5 29.Ne1 Nh6
30.Nf3 Nc4 31.Qb1 Bg8 32.Re1 Nf7 33.Qb4 Bh6 34.Bf1 Qe6 35.Bg2 Kh8 36.Qb1 Bh7
37.Qc2 Bxe3+ 38.Kh1 Bxc1 39.Rxc1 Bg8 40.Qb1 Qe3 41.Nh4 Qe6 42.Re1 Kg7 43.Bf3 Nd8
44.Nxd8 Rxd8 45.Ng2 g5 46.e3 Bf7 47.Qd1 Nd6 48.h4 f4 49.g4 hxg4 50.Bxg4 Qh6
51.exf4 gxh4 52.Qf3 Ne4 53.Ne3 Kh8 54.Kh2 Rf8 55.Ng2 Rg8 56.Ne3 Rf8 57.Ng2 Bg6
58.c4 h3 59.Qxh3 Qxh3+ 60.Bxh3 Nd6 61.cxd5 Be4 62.Be6 Bxg2 63.Kxg2 Rxf4 64.Rc1 Nxb5
65.Bd7 Rxd4 66.Bxb5 Rxd5 67.Be2 Rc5  1/2-1/2

[Event "10th Open"]
[Site "Stuttgart GER"]
[Date "2005.05.07"]
[Round "5"]
[White "Schebler,G"]
[Black "Braun,P"]
[Result "1-0"]
[WhiteElo "2500"]
[BlackElo "2221"]

1.Nf3 d5 2.g3 c5 3.Bg2 Nc6 4.d4 e6 5.O-O Nf6 6.c4 dxc4 7.Ne5 Bd7 8.Na3 cxd4
9.Naxc4 Bc5 10.Qb3 O-O 11.Qxb7 Nxe5 12.Nxe5 Rb8 13.Qf3 Nd5 14.Rd1 f6 15.Nxd7 Qxd7
16.b3 Qd6 17.Bb2 Qb6 18.Rac1 Rbd8 19.Rc4 e5 20.e3 Nc7 21.exd4 Bxd4 22.Bxd4 exd4
23.Qd3 Rfe8 24.Rc6 Qa5 25.Qc4+ Nd5 26.b4  1-0

[Event "ch-FRA National 1"]
[Site "Lille FRA"]
[Date "2005.05.08"]
[Round "11"]
[White "Brunelliere,P"]
[Black "Roos,Louis1"]
[Result "1/2-1/2"]
[WhiteElo "2344"]
[BlackElo "2345"]

1.Nf3 d5 2.g3 c6 3.b3 Bg4 4.Bg2 Nf6 5.O-O Nbd7 6.Bb2 Bxf3 7.Bxf3 e5 8.c4 h5
9.Bg2 h4 10.cxd5 cxd5 11.d3 hxg3 12.fxg3 Qb6+ 13.e3 a5 14.Nc3 Bb4 15.Qf3 Bxc3
16.Bxc3 a4 17.Rfc1 axb3 18.axb3 O-O 19.g4 Rxa1 20.Bxa1 e4 21.Qd1 exd3 22.g5 Ne4
23.Qxd3 Qe6 24.Rd1 Nb6 25.Bd4 Nc8 26.Bb2 Ne7 27.Ba3 Re8 28.g6 fxg6 29.Bxe7 Rxe7
30.Qxd5 Qxd5 31.Rxd5 Kf8 32.Rb5 Nd6 33.Rb6 Re6 34.Bxb7 Ke7 35.Ba6 Re5 36.Kf1 Rc5
37.Bd3 g5 38.Ke2 g4 39.Kf1 Rc3 40.Ke2 Rc1 41.Rb4  1/2-1/2

[Event "SME Open"]
[Site "Ostrava CZE"]
[Date "2005.05.08"]
[Round "9"]
[White "Nedela,J"]
[Black "Papan,C"]
[Result "1/2-1/2"]
[WhiteElo "2044"]
[BlackElo "2076"]

1.Nf3 d5 2.g3 Nf6 3.Bg2 Bg4 4.d3 e6 5.O-O Be7 6.Nbd2 Nbd7 7.b3 c6 8.Bb2 Qc7
9.c4 O-O 10.a3 Rad8 11.Re1 Rfe8 12.Qc2 h6 13.b4 Bh5 14.Qa4 Nb6 15.Qb3  1/2-1/2

[Event "10th Cvitanovic Mem"]
[Site "Split CRO"]
[Date "2005.05.08"]
[Round "9"]
[White "Cvorovic,D"]
[Black "Plenkovic,Z"]
[Result "1/2-1/2"]
[WhiteElo "2450"]
[BlackElo "2302"]

1.Nf3 d5 2.g3 Nf6 3.Bg2 c6 4.O-O Bg4 5.d3 Nbd7 6.c4 e6 7.Nc3 Be7 8.cxd5 exd5
9.h3 Bxf3 10.Bxf3 d4 11.Ne4 O-O 12.Nxf6+ Bxf6 13.b4 a5 14.bxa5 Rxa5 15.a4 Bg5
16.Qb3 Nc5 17.Qb4 Be7 18.Bd2 Ra7 19.Qc4 Nxa4 20.Qc2 Qa8 21.Rfb1 Nc5 22.Rxa7 Qxa7
23.Bb4 Re8 24.Bxc5 Bxc5 25.Qb2 Bf8 26.Qxb7 Qxb7 27.Rxb7 c5 28.g4 g5 29.Rc7 Re5
30.Be4 h6 31.Kf1 Re7 32.Rc8 Ra7 33.Kg2 Kg7 34.Kf3 Bd6 35.Rc6 Be7 36.Bd5 Rd7
37.Bc4 Rb7 38.Ba6 Rd7 39.Bc8 Ra7 40.Bf5 Rb7 41.Ra6 Rc7 42.Ra4 Bf6 43.Rc4 Bd8
44.Rc2 Kf6 45.Ke4 Be7 46.Kd5 Ra7 47.Rb2 Ra6 48.Be4 Bf8 49.e3 Ra4 50.Bf5 Be7
51.e4 Ra7 52.e5+ Kg7 53.Rb6 Ra2 54.f3 Rh2 55.Rb7 Kf8 56.Kc6 Ra2 57.Rb8+ Kg7
58.Rb7 Kf8 59.Kd7 Ra8 60.Kc7 Bd8+ 61.Kc6 Be7 62.Kd5 Ra6 63.Rc7 Rb6 64.e6 Ra6
65.exf7 Kxf7 66.Ke5 Kf8 67.Rc8+ Kf7 68.Kd5 Rd6+ 69.Kc4 Rd8 70.Rc7 Kf6 71.Bd7 Bd6
72.Ra7 Ke5 73.Bb5 Rf8 74.Rh7 Rf6 75.Bc6 Kf4 76.Be4 Kg3 77.Kd5 Kxh3 78.Rd7 Bf8
79.Ke5 Rb6 80.Rf7 Bd6+ 81.Kd5 Kg3 82.Rh7 Bf8 83.Rf7 Bd6 84.Rf6 Bc7 85.Rxb6 Bxb6
86.Kc6 Ba5  1/2-1/2

[Event "Torch Real Estate Cup"]
[Site "Wuxi CHN"]
[Date "2005.05.10"]
[Round "9"]
[White "Zhang Zhong"]
[Black "Wu Kaiyu"]
[Result "1-0"]
[WhiteElo "2599"]
[BlackElo "2294"]

1.Nf3 d5 2.g3 c6 3.Bg2 Bg4 4.O-O Nf6 5.d3 Nbd7 6.Qe1 e5 7.e4 dxe4 8.dxe4 Be7
9.Nbd2 Qc7 10.h3 Bh5 11.Nh4 O-O 12.Nc4 b5 13.Ne3 Rfe8 14.Nef5 Bf8 15.Bg5 h6
16.Bd2 Nc5 17.g4 Bg6 18.f4 exf4 19.Bxf4 Qc8 20.e5 Nd5 21.Bg3 Nd7 22.Qe4 Bc5+
23.Kh1 Bh7 24.Rae1 Nf8 25.c4 bxc4 26.Qxc4 Ne6 27.Nd6 Bxd6 28.exd6 Qb7 29.Nf3 Nb6
30.Qc3 Nd5 31.Qd2 Qd7 32.Kh2 a5 33.Ne5 Qxd6 34.Rxf7 Qb4 35.Qf2 Bd3  1-0

[Event "Torch Real Estate Cup"]
[Site "Wuxi CHN"]
[Date "2005.05.11"]
[Round "10"]
[White "Cheng Xinkai"]
[Black "Zhou Weiqi"]
[Result "1/2-1/2"]
[WhiteElo "2356"]
[BlackElo "2397"]

1.Nf3 d5 2.g3 Nf6 3.Bg2 e6 4.O-O Be7 5.d4 O-O 6.c4 dxc4 7.Qc2 a6 8.a4 Bd7
9.Rd1 Bc6 10.Nc3 Bb4 11.Bg5 Bxc3 12.bxc3 Nbd7 13.Ne5 Bxg2 14.Kxg2 h6 15.Nxd7 Qxd7
16.Bxf6 gxf6 17.e4 b5 18.Qe2 f5 19.Kg1 fxe4 20.Qxe4 c6 21.Qf4 Kg7  1/2-1/2

[Event "ch-LTU"]
[Site "Siauliai LTU"]
[Date "2005.05.12"]
[Round "6"]
[White "Kveinys,A"]
[Black "Sarakauskas,G"]
[Result "1/2-1/2"]
[WhiteElo "2539"]
[BlackElo "2431"]

1.Nf3 d5 2.g3 c6 3.Bg2 Bg4 4.O-O Nf6 5.b3 e6 6.Bb2 Nbd7 7.d3 Be7 8.Nbd2 O-O
9.c4 Qa5 10.a3 dxc4 11.Nxc4 Qh5 12.b4 Bh3 13.Qb3 Ng4 14.Rfe1 Kh8 15.e3 Rab8
16.Rac1 h6 17.Bc3 Bf6 18.Bxf6 Ndxf6 19.Qb2 Rbd8 20.Nce5 Bxg2 21.Kxg2 Nxe5
22.Nxe5 Ng4 23.Nxg4 Qxg4 24.d4 Rd5  1/2-1/2

[Event "ch-LAT"]
[Site "Riga LAT"]
[Date "2005.05.13"]
[Round "1"]
[White "Luckans,A"]
[Black "Krivonosov,O"]
[Result "1/2-1/2"]
[WhiteElo "2452"]
[BlackElo "2454"]

1.Nf3 d5 2.g3 c6 3.Bg2 Bg4 4.O-O Nd7 5.d3 Ngf6 6.h3 Bxf3 7.exf3 e6 8.Re1 Bd6
9.f4 O-O 10.Nd2 Re8 11.Nf3 e5 12.fxe5 Nxe5 13.Be3 Nxf3+ 14.Qxf3 Nd7 15.Bd4 Be5
16.Bxe5 Nxe5 17.Qf5 Ng6 18.h4 Nf8 19.Rxe8 Qxe8 20.Kf1 Qe6 21.Qxe6 Nxe6 22.Re1 Kf8
23.Ke2 Ke7 24.Kd2 Kd6 25.Bh3 Re8 26.d4 h6 27.c3 Nc7 28.Rxe8 Nxe8 29.Ke3 g5
30.hxg5 hxg5 31.f4 gxf4+ 32.Kxf4 Ke7 33.Bf5 Nd6 34.Bd3 f6 35.b3 b6 36.g4 Ke6
37.a4 Ke7 38.Bh7 a5 39.Bd3 Ke6 40.Bf5+ Ke7 41.Bd3 Ke6  1/2-1/2

[Event "ch-LAT"]
[Site "Riga LAT"]
[Date "2005.05.13"]
[Round "1"]
[White "Kengis,E"]
[Black "Sveshnikov,E"]
[Result "0-1"]
[WhiteElo "2537"]
[BlackElo "2499"]

1.Nf3 d5 2.g3 Nf6 3.Bg2 c6 4.O-O Bf5 5.d3 e6 6.Nc3 Be7 7.Nd2 h5 8.e4 Bg6
9.Ne2 e5 10.exd5 Nxd5 11.d4 Nd7 12.Nc4 exd4 13.Nxd4 O-O 14.Bd2 Bf6 15.Nf3 Qc7
16.Bg5 Rad8 17.Qc1 Rfe8 18.Nh4 Bh7 19.Bxd5 cxd5 20.Bxf6 Nxf6 21.Ne3 d4 22.Nef5 Qe5
23.Qg5 Bxf5 24.Qxf5 Qxf5 25.Nxf5 g6 26.Nh4 Re2 27.Rac1 Rc8 28.Nf3 Rexc2 29.Rxc2 Rxc2
30.Rb1 d3 31.Ne1 Rd2 32.Nf3 Re2 33.Nd4 Re4 34.Nf3 Ng4 35.h3 Ne5 36.Nxe5 Rxe5
37.Rd1 Re2 38.Rxd3 Rxb2 39.Rd7 Kg7 40.h4 Kf6 41.a4 Ke6 42.Rc7 a5 43.Kg2 Rb4
44.Kf3 b6 45.Ke3 f6 46.Rc6+ Kf5 47.f3 Ke5 48.Kf2 Rb2+ 49.Ke3 Rb1 50.f4+ Kf5
51.Kf3 Rb4 52.Rd6 Rxa4 53.Rxb6 Ra3+ 54.Kf2 a4 55.Ra6 Ra1 56.Kf3 a3 57.Ra5+ Ke6
58.f5+ gxf5 59.Kg2 a2 60.Ra6+ Ke5 61.Ra5+ Kd4 62.Ra8 f4 63.gxf4 Kd3 64.Ra6 f5
65.Kh2 Ke2 66.Ra3 Kf2  0-1

[Event "ch-LAT"]
[Site "Riga LAT"]
[Date "2005.05.14"]
[Round "3"]
[White "Starostits,I"]
[Black "Krivonosov,O"]
[Result "1/2-1/2"]
[WhiteElo "2450"]
[BlackElo "2454"]

1.Nf3 d5 2.g3 c6 3.Bg2 Bg4 4.c4 e6 5.cxd5 Bxf3 6.Bxf3 cxd5 7.d3 Nf6 8.O-O Nc6
9.Nc3 Be7 10.e4 dxe4 11.dxe4 O-O 12.Be3 Qa5 13.Qb3 Bc5 14.Bxc5 Qxc5 15.Qxb7 Nd4
16.Bd1 Rfb8 17.Qa6 Rxb2 18.Qd3 Qd6 19.Rc1 Rd8 20.Nd5 e5 21.Nxf6+ Qxf6 22.Qa3 Rb7
23.Kg2 g6 24.f3 Rdb8 25.Rf2  1/2-1/2

[Event "ch-LAT"]
[Site "Riga LAT"]
[Date "2005.05.14"]
[Round "3"]
[White "Kengis,E"]
[Black "Katishonok,N"]
[Result "1-0"]
[WhiteElo "2537"]
[BlackElo "2330"]

1.Nf3 d5 2.g3 Nc6 3.d4 Bg4 4.Bg2 Qd7 5.h3 Bf5 6.c4 e6 7.O-O Nf6 8.Nc3 Ne4
9.Nh4 Bg6 10.Nxg6 hxg6 11.Nxe4 dxe4 12.Bxe4 O-O-O 13.Bg2 Nxd4 14.e3 Nc6 15.Qa4 Kb8
16.a3 e5 17.b4 e4 18.Bb2 Qd2 19.Rab1 Bd6 20.b5 Ne5 21.c5 Nf3+ 22.Bxf3 exf3
23.cxd6 Rxd6 24.Rfd1 Qe2 25.Rxd6 cxd6 26.Qd1 Qxb5 27.Bxg7  1-0

[Event "Open"]
[Site "Znojmo CZE"]
[Date "2005.05.15"]
[Round "1"]
[White "Vogel,Ja"]
[Black "Zdrazil,B"]
[Result "1-0"]
[WhiteElo "2297"]
[BlackElo "1968"]

1.Nf3 d5 2.g3 Nf6 3.Bg2 e6 4.c4 c6 5.b3 Be7 6.O-O O-O 7.Bb2 Nbd7 8.d4 b6
9.Nbd2 Bb7 10.Rc1 Rc8 11.e3 Re8 12.Qe2 Bf8 13.Rfd1 Qe7 14.e4 Nxe4 15.Nxe4 dxe4
16.Qxe4 Nf6 17.Qf4 Nd7 18.Re1 Qf6 19.Qd2 Qd8 20.Ng5 Be7 21.Nh3 Bf6 22.Rcd1 Qc7
23.Nf4 Bg5 24.Bc1 Nf6 25.Qc2 Bh6 26.h3 e5 27.dxe5 Rxe5 28.Rxe5 Qxe5 29.Bb2 Qe7
30.Qf5 Re8 31.Bxf6 gxf6 32.Nh5 Bg7 33.Qf4  1-0

[Event "ch-UKR w"]
[Site "Alushta UKR"]
[Date "2005.05.16"]
[Round "1"]
[White "Berezjuk,E"]
[Black "Doluhanova,E"]
[Result "1/2-1/2"]
[WhiteElo "2005"]
[BlackElo "2251"]

1.Nf3 d5 2.g3 Nf6 3.Bg2 g6 4.O-O Bg7 5.d3 O-O 6.Nbd2 Nc6 7.e4 e5 8.Re1 dxe4
9.dxe4 Be6 10.c3 h6 11.Bf1 Qc8 12.Nc4 Rd8 13.Qe2 Bg4 14.Bg2 a6 15.Bd2 Qe6
16.b3 Rd7 17.Bc1 Rad8 18.Nb2 Bf8 19.Qe3 Bh3 20.b4 b6 21.Qe2 Bxg2 22.Kxg2 Ra8
23.Qc4 Qxc4 24.Nxc4 Re8 25.a4 Rd3 26.Bb2 b5 27.axb5 axb5 28.Ne3 Rb8 29.Re2 Rdd8
30.Nd2 Bd6 31.f3 Nd7 32.Rf1  1/2-1/2

[Event "ch-LAT w"]
[Site "Riga LAT"]
[Date "2005.05.16"]
[Round "5"]
[White "Rogule,L"]
[Black "Berzina,I"]
[Result "1-0"]
[WhiteElo "2278"]
[BlackElo "2295"]

1.Nf3 d5 2.g3 Bg4 3.Bg2 c6 4.b3 Nd7 5.Bb2 Ngf6 6.O-O Bxf3 7.exf3 e6 8.f4 Be7
9.d3 O-O 10.Nd2 Ne8 11.Nf3 Nd6 12.Qe2 c5 13.c4 Nf6 14.Rfe1 Re8 15.Ne5 Bf8
16.a3 Rc8 17.b4 Nf5 18.Bc3 b5 19.Red1 a6 20.bxc5 d4 21.Bb4 a5 22.Nc6 Rxc6
23.Bxc6 axb4 24.Bxe8 Qxe8 25.axb4 bxc4 26.dxc4 Qc6 27.Ra7 h5 28.Rd3 Qe4 29.Qxe4 Nxe4
30.Ra8 f6 31.c6 e5 32.c7 Ne7 33.fxe5 fxe5 34.b5 Nc5 35.Rf3 Ne6 36.b6  1-0

[Event "ch-RUS w"]
[Site "Samara RUS"]
[Date "2005.05.16"]
[Round "2"]
[White "Kovalevskaya,E"]
[Black "Gunina,V"]
[Result "1-0"]
[WhiteElo "2469"]
[BlackElo "2340"]

1.Nf3 d5 2.g3 Nf6 3.Bg2 c6 4.c4 Bf5 5.cxd5 cxd5 6.Qb3 Qc7 7.Nc3 e6 8.O-O Nc6
9.d3 Be7 10.Bf4 Qb6 11.Ne5 Qxb3 12.axb3 Nxe5 13.Bxe5 O-O 14.Bd4 Nd7 15.Bxa7 Nc5
16.Bxc5 Bxc5 17.Ra4 h6 18.Rc1 Rac8 19.e4 dxe4 20.dxe4 Bg6 21.Rc4 Bd6 22.Nb5 Rxc4
23.bxc4 Be5 24.Rc2 Rd8 25.f4 Rd1+ 26.Kf2 Bf6 27.Ke2 Rb1 28.Nc3 Rg1 29.Bf3 Ra1
30.Rd2 b6 31.Nb5 Rb1 32.e5 Be7 33.Nd6 Kh7 34.g4 Kg8 35.f5 Bh7 36.Be4 Rg1
37.Kf3 Bg5 38.Re2 Rd1 39.Kg3 Be7 40.Nb5 h5 41.h3 h4+ 42.Kh2 Bc5 43.Bc2 Rc1
44.Bd3 Rf1 45.Nd6 Rf3 46.Be4 Rf4 47.fxe6 fxe6 48.Bxh7+ Kxh7 49.Ne4 Kg6 50.Kg2 Bd4
51.Nd6 Bc5 52.Ne4 Bd4 53.b3 Bxe5 54.Nf2 Bf6 55.Rxe6 Rd4 56.Rxb6 Rd2 57.Kf1 Rc2
58.Ne4 Kf7 59.Nxf6 gxf6 60.Kg1 Kg6 61.Rb5 Rc3 62.Kg2 Rc2+ 63.Kf3 Rh2 64.Kf4 Rxh3
65.g5 fxg5+ 66.Rxg5+ Kf6 67.Rf5+ Ke6 68.Rb5 Rc3 69.Re5+ Kd6 70.Re3 Rc1 71.Kg4 Kc5
72.Kxh4 Kb4 73.Kg4 Rd1 74.Kf5 Rd8 75.Kf6 Rh8 76.Ke7 Rh7+ 77.Kd6 Rh6+ 78.Re6 Rh5
79.Re3 Rh6+ 80.Kd5 Rh8 81.Re7 Rh5+ 82.Kc6 Rh6+ 83.Kb7 Rh3 84.Kc6 Rh6+ 85.Kd5 Rh5+
86.Kd4 Rh4+ 87.Re4 Rh5 88.Re3 Rh4+ 89.Ke5 Rh5+ 90.Kf4 Rh8 91.Rd3 Rf8+ 92.Ke5 Re8+
93.Kf5 Rh8 94.Ke6 Rh6+ 95.Kd7 Rh7+ 96.Kc6 Rh5 97.Rd5 Rh6+ 98.Rd6 Rh3 99.c5 Rxb3
100.Rd4+ Ka5 101.Rd1 Ra3 102.Rd8 Rc3 103.Ra8+ Kb4 104.Rb8+ Ka5 105.Rb1 Rh3
106.Ra1+ Kb4 107.Kb6 Kc4 108.c6 Rb3+ 109.Kc7 Kb5 110.Rc1 Ka6 111.Kc8 Rh3
112.c7 Rd3 113.Ra1+ Kb6 114.Kb8  1-0

[Event "Open"]
[Site "Znojmo CZE"]
[Date "2005.05.16"]
[Round "3"]
[White "Vogel,Ja"]
[Black "Kulovana,E"]
[Result "1-0"]
[WhiteElo "2297"]
[BlackElo "2153"]

1.Nf3 d5 2.g3 Bg4 3.Bg2 Nd7 4.b3 c6 5.c4 Ngf6 6.Bb2 e6 7.d3 Bd6 8.Nbd2 O-O
9.Qc2 a5 10.a3 Qe7 11.O-O e5 12.h3 Bh5 13.e4 dxe4 14.dxe4 Bxf3 15.Nxf3 Rfd8
16.Rfd1 Nf8 17.b4 axb4 18.axb4 Bxb4 19.Rxa8 Rxa8 20.Nxe5 Bd6 21.Nd3 N6d7
22.f4 f6 23.Kh1 Nc5 24.e5 fxe5 25.Nxe5 Qc7 26.Qf5 Bxe5 27.Bxe5 Qf7 28.Qg4 Nfd7
29.Bd4 Re8 30.Bf3 g6 31.Bg1 Qe6 32.Qxe6+ Rxe6 33.Bg4 Re7 34.Rb1 Ne4 35.Rxb7 Nxg3+
36.Kg2 Nf5 37.Rc7 Nf6 38.Rxc6 Kf7 39.Bf2 Rd7 40.Kf3 Rd3+ 41.Ke2 Rc3 42.Bxf5 gxf5
43.Rxf6+  1-0

[Event "ch-UKR w"]
[Site "Alushta UKR"]
[Date "2005.05.18"]
[Round "3"]
[White "Baklanova,T"]
[Black "Doluhanova,E"]
[Result "1/2-1/2"]
[WhiteElo "2250"]
[BlackElo "2251"]

1.Nf3 d5 2.g3 Nf6 3.Bg2 g6 4.O-O Bg7 5.d3 O-O 6.Nbd2 Nc6 7.e4 e5 8.c3 h6
9.Qe2 Re8 10.h3 a5 11.a4 Be6 12.Ne1 Qd7 13.Kh2 Rad8 14.b3 Nh5 15.Rb1 Nb8
16.c4 dxc4 17.Nxc4 Nc6 18.f4 Bxc4 19.dxc4 exf4 20.gxf4 f5 21.e5 Nxe5 22.Bd5+ Qxd5
23.cxd5 Ng4+ 24.Qxg4 fxg4 25.hxg4 Nf6 26.Kh3 Rxd5 27.Bb2 Re3+ 28.Rf3 Rxf3+
29.Nxf3 Rd3 30.Bxf6 Rxf3+ 31.Kg2 Rxf4 32.Bd8 Be5 33.g5 hxg5 34.Rc1 Rg4+ 35.Kf2 Bf4
36.Rc5 b6 37.Rc3 Be5 38.Rc6 Bd6 39.Bxc7 Bxc7 40.Rxc7 Rb4 41.Rc3 Kg7 42.Kg2 g4
43.Re3 Kf6 44.Rd3 Ke5 45.Rc3 Kf4 46.Rd3 Re4 47.Rd6 Re2+ 48.Kf1 Rb2 49.Rxb6 Kf3
50.Rf6+ Kg3 51.Rxg6 Rb1+ 52.Ke2 Rxb3 53.Rg5 Kh3 54.Kf1 Ra3 55.Rh5+ Kg3 56.Rxa5 Ra1+
57.Ke2 Kg2 58.Ra8 Ra2+ 59.Kd3 g3 60.Kc4 Kf1 61.Kb5 Rb2+ 62.Kc5 g2 63.Rg8 Rc2+
64.Kb6 Rb2+ 65.Kc6 Ra2 66.Kb5 g1=Q 67.Rxg1+ Kxg1 68.a5 Kf2 69.a6 Ke3 70.Kb6 Kd4
71.a7 Kd5 72.Kb7 Rb2+ 73.Kc7 Rc2+ 74.Kb7 Ra2 75.a8=Q  1/2-1/2